| 000 | 00584nam a2200205Ia 4500 | ||
|---|---|---|---|
| 008 | 170203s9999 xx 000 0 und d | ||
| 020 | _a9718560130 | ||
| 050 | _aFic | ||
| 050 | _bJ83 | ||
| 245 | _aJoseph the dreamer / | ||
| 260 | _bStraight Lines Intl Inc, | ||
| 260 | _c2001 | ||
| 440 | _aDolphins Books Classic tales collection. | ||
| 650 | _aJoseph -- (Son of Jacob) | ||
| 650 | _aJoseph -- (Son of Jacob) -- | ||
| 650 | _aJuvenile literature. | ||
| 650 | _xBible stories -- O.T. -- | ||
| 650 | _xBible stories -- Old Testament. | ||
| 650 | _xJuvenile literature. | ||
| 999 |
_c306626 _d306626 |
||